Communes de France aux noms burlesques - Carte quiz - Statistiques

Statistiques générales
  • Ce quiz a été pris 15 fois
  • Le résultat moyen est 9 sur 41
Réponses sur la Carte
Les réponses sont colorées sur une échelle allant du rouge au vert en fonction du pourcentage des utilisateurs qui les ont devinées à leur premier essai. Vous pouvez retrouver ces pourcentages ci-dessous.
 
Statistiques - réponses
Réponse % Correct
Cucugnan
50%
Sucé-sur-Erdre
50%
Andouillé
33%
Arnac-la-Poste
33%
Ballots
33%
Cudos
33%
Trécon
33%
Vatan
33%
Vaux-en-Beaujolais (Clochemerle)
33%
Beaufou
25%
Bellebrune
25%
Bourgougnague
25%
Chantemerle-sur-la-Soie
25%
Corps-Nuds
25%
Coubisou
25%
Folles
25%
Grateloup-Saint-Gayrand
25%
La Bénisson-Dieu
25%
Longcochon
25%
Vinsobres
25%
Bèze
17%
Bouzillé
17%
Cassaniouze
17%
Cocumont
17%
Latronche
17%
Le Quiou
17%
Marans
17%
Messein
17%
Monteton
17%
Nouvoitou
17%
Plumaudan
17%
Poil
17%
Saint-Barbant
17%
Simplé
17%
Arnac
8%
Moncrabeau
8%
Saint-Arnac
8%
Saint-Lys (Minjocèbos)
8%
Saint-Pompon
8%
Les Lèches
0%
Vieillevie
0%
Aucun quiz correspondant
Distribution des résultats
% des personnes avec chaque résultat
Percentile par nombre de réponses
Votre historique - résultats
Vous n’avez pas pris ce quiz